<?xml version="1.0" encoding="UTF-8"?>
<record
    xmlns:xsi="http://www.w3.org/2001/XMLSchema-instance"
    xsi:schemaLocation="http://www.loc.gov/MARC21/slim http://www.loc.gov/standards/marcxml/schema/MARC21slim.xsd"
    xmlns="http://www.loc.gov/MARC21/slim">

  <leader>00611nam a22001577a 4500</leader>
  <controlfield tag="005">20260702132143.0</controlfield>
  <datafield tag="020" ind1=" " ind2=" ">
    <subfield code="a">9781962280785</subfield>
  </datafield>
  <datafield tag="082" ind1=" " ind2=" ">
    <subfield code="a">658.409BAS</subfield>
  </datafield>
  <datafield tag="100" ind1=" " ind2=" ">
    <subfield code="a">Bassford, Jon.</subfield>
  </datafield>
  <datafield tag="245" ind1=" " ind2=" ">
    <subfield code="a">The Curious Leader:</subfield>
    <subfield code="b">Unlocking Innovation, Empowering Teams, and Driving Change</subfield>
  </datafield>
  <datafield tag="260" ind1=" " ind2=" ">
    <subfield code="a">Wyoming</subfield>
    <subfield code="b">Reflek</subfield>
    <subfield code="c">2025</subfield>
  </datafield>
  <datafield tag="300" ind1=" " ind2=" ">
    <subfield code="a">xviii, 220p.</subfield>
  </datafield>
  <datafield tag="520" ind1=" " ind2=" ">
    <subfield code="a">The Curious Leader shows how curiosity becomes a practical leadership advantage &#x2014; one that helps leaders think more clearly, strengthen execution, and build cultures that support innovation, growth, and change.</subfield>
  </datafield>
  <datafield tag="650" ind1=" " ind2=" ">
    <subfield code="a">Leadership.</subfield>
  </datafield>
  <datafield tag="942" ind1=" " ind2=" ">
    <subfield code="c">BK</subfield>
  </datafield>
  <datafield tag="999" ind1=" " ind2=" ">
    <subfield code="c">11533</subfield>
    <subfield code="d">11533</subfield>
  </datafield>
  <datafield tag="952" ind1=" " ind2=" ">
    <subfield code="0">0</subfield>
    <subfield code="1">0</subfield>
    <subfield code="4">0</subfield>
    <subfield code="7">0</subfield>
    <subfield code="a">U001</subfield>
    <subfield code="b">U001</subfield>
    <subfield code="c">Leadership</subfield>
    <subfield code="d">2026-07-19</subfield>
    <subfield code="g">70365.00</subfield>
    <subfield code="l">0</subfield>
    <subfield code="o">658.409BAS</subfield>
    <subfield code="p">UR010555</subfield>
    <subfield code="r">2026-07-01 08:00:48</subfield>
    <subfield code="w">2026-07-01</subfield>
    <subfield code="y">BK</subfield>
  </datafield>
  <datafield tag="952" ind1=" " ind2=" ">
    <subfield code="0">0</subfield>
    <subfield code="1">0</subfield>
    <subfield code="4">0</subfield>
    <subfield code="7">0</subfield>
    <subfield code="a">U001</subfield>
    <subfield code="b">U001</subfield>
    <subfield code="c">Leadership</subfield>
    <subfield code="d">2026-07-19</subfield>
    <subfield code="g">70365.00</subfield>
    <subfield code="l">0</subfield>
    <subfield code="o">658.409BAS</subfield>
    <subfield code="p">UR010556</subfield>
    <subfield code="r">2026-07-01 08:01:14</subfield>
    <subfield code="w">2026-07-01</subfield>
    <subfield code="y">BK</subfield>
  </datafield>
  <datafield tag="952" ind1=" " ind2=" ">
    <subfield code="0">0</subfield>
    <subfield code="1">0</subfield>
    <subfield code="4">0</subfield>
    <subfield code="7">0</subfield>
    <subfield code="a">U002</subfield>
    <subfield code="b">U002</subfield>
    <subfield code="c">Leadership</subfield>
    <subfield code="d">2026-06-19</subfield>
    <subfield code="l">0</subfield>
    <subfield code="o">658.409BAS</subfield>
    <subfield code="p">URD003165</subfield>
    <subfield code="r">2026-07-02 13:25:18</subfield>
    <subfield code="w">2026-06-19</subfield>
    <subfield code="y">BK</subfield>
  </datafield>
  <datafield tag="952" ind1=" " ind2=" ">
    <subfield code="0">0</subfield>
    <subfield code="1">0</subfield>
    <subfield code="4">0</subfield>
    <subfield code="7">0</subfield>
    <subfield code="a">U002</subfield>
    <subfield code="b">U002</subfield>
    <subfield code="c">Leadership</subfield>
    <subfield code="d">2026-06-19</subfield>
    <subfield code="l">0</subfield>
    <subfield code="o">658.409BAS</subfield>
    <subfield code="p">URD003166</subfield>
    <subfield code="r">2026-07-02 13:26:18</subfield>
    <subfield code="w">2026-06-19</subfield>
    <subfield code="y">BK</subfield>
  </datafield>
</record>
